[Event "DM Kandidatklassen 2024"]
[Site "Svendborg"]
[Date "2024.03.31"]
[Round "6"]
[White "Perets, Dmytro"]
[Black "Zander, Emil"]
[Result "1-0"]
[WhiteElo "2137"]
[BlackElo "2137"]
[PlyCount "97"]
[EventDate "2024.03.26"]
[EventType "swiss"]
[EventRounds "7"]
[EventCountry "DEN"]
[SourceTitle "Live v. Kasper Jerwiarz"]

1. c4 e5 2. Nc3 Nf6 3. Nf3 Nc6 4. g3 d5 5. cxd5 Nxd5 6. Bg2 Nb6 7. O-O Be7 8. d3 O-O 9. a4 Bb4 10. Na2 Bd6 11. Bd2 a5 12. Nc3 Nb4 13. Nb5 f6 14. Qb3+ Kh8 15. Rfc1 Re8 16. Bxb4 axb4 17. a5 Be6 18. Qc2 b3 19. Qd1 Nd7 20. d4 e4 21. Nd2 f5 22. Nxb3 Nf6 23. e3 Qd7 24. Bf1 Qf7 25. Nc5 Bd5 26. b4 h5 27. Nc3 b6 28. Nxd5 Nxd5 29. Bc4 bxa5 30. Bxd5 Qxd5 31. Qxh5+ Kg8 32. bxa5 Reb8 33. Qg6 Rb5 34. a6 Bxc5 35. dxc5 Rxc5 36. Rxc5 Qxc5 37. Qe6+ Kh7 38. Rd1 c6 39. Rd6 Rf8 40. Qg6+ Kh8 41. Rxc6 Qa5 42. Qd6 Rd8 43. Qc5 Qa4 44. Qc2 Qa1+ 45. Kg2 Rd1 46. Qe2 Rg1+ 47. Kh3 Kg8 48. Rc8+ Kf7 49. Qh5+ 1-0

[Event "DM Kandidatklassen 2024"]
[Site "Svendborg"]
[Date "2024.03.31"]
[Round "6"]
[White "Nielsen Refs, Karl Emil Elmer"]
[Black "Jarlskov, Daniel Tuk Hartso"]
[Result "1-0"]
[WhiteElo "2067"]
[BlackElo "2130"]
[PlyCount "139"]
[EventDate "2024.03.26"]
[EventType "swiss"]
[EventRounds "7"]
[EventCountry "DEN"]
[SourceTitle "Live v. Kasper Jerwiarz"]

1. d4 d5 2. c4 e6 3. Nc3 c5 4. cxd5 exd5 5. Nf3 Nc6 6. e3 Nf6 7. Bb5 a6 8. Bxc6+ bxc6 9. Qa4 Qb6 10. O-O Be7 11. dxc5 Bxc5 12. b3 O-O 13. Bb2 Bd6 14. Rac1 Bd7 15. Rfd1 Rfe8 16. Qh4 Ne4 17. Ng5 Nxg5 18. Qxg5 Qd8 19. Qxd8 Raxd8 20. Na4 Re4 21. Rd4 f5 22. Rxe4 fxe4 23. Bd4 Rb8 24. Ba7 Rb7 25. Bc5 Bc7 26. Nc3 Kf7 27. Nb1 Ba5 28. Rd1 Rb5 29. Ba3 Bg4 30. Rd4 Ke6 31. Kf1 h6 32. h3 Bh5 33. g4 Bg6 34. Ra4 c5 35. Bb2 Kf7 36. Na3 Rb7 37. Rxa5 c4 38. Bd4 cxb3 39. axb3 h5 40. Rxa6 hxg4 41. hxg4 Rxb3 42. Nc2 Rb1+ 43. Kg2 Rb7 44. Kg3 Bh7 45. Ra7 Rxa7 46. Bxa7 g5 47. Nd4 Ke7 48. Ne2 Kd6 49. Ng1 Ke6 50. Nh3 Kf6 51. Bb6 Bg6 52. Bd8+ Ke5 53. Bb6 Be8 54. Bd4+ Kd6 55. Nxg5 Ba4 56. Kf4 Bd1 57. Nh7 Ke6 58. g5 Bh5 59. g6 Bxg6 60. Nf8+ Kf7 61. Nxg6 Kxg6 62. Ke5 Kf7 63. Kxd5 Ke7 64. Kxe4 Kd8 65. f4 Ke7 66. f5 Kf7 67. f6 Kf8 68. Kf5 Ke8 69. Ke6 Kf8 70. Bc5+ 1-0

[Event "DM Kandidatklassen 2024"]
[Site "Svendborg"]
[Date "2024.03.31"]
[Round "6"]
[White "Sandmann, Villads Majvang"]
[Black "Veiergang, Oscar Jacob"]
[Result "0-1"]
[WhiteElo "1983"]
[BlackElo "2041"]
[PlyCount "108"]
[EventDate "2024.03.26"]
[EventType "swiss"]
[EventRounds "7"]
[EventCountry "DEN"]
[SourceTitle "Live v. Kasper Jerwiarz"]

1. e4 e5 2. Nf3 Nc6 3. Bb5 a6 4. Ba4 Nf6 5. O-O Be7 6. Re1 b5 7. Bb3 O-O 8. a4 b4 9. d4 d6 10. dxe5 dxe5 11. Nbd2 Bc5 12. a5 Rb8 13. h3 Qe7 14. Qe2 Rd8 15. Nc4 Nd4 16. Nxd4 Bxd4 17. Qf3 h6 18. Ne3 Rd6 19. Nf5 Bxf5 20. Qxf5 Nd7 21. Be3 Rf6 22. Qg4 Bxb2 23. Rad1 Nc5 24. Bc4 Bc3 25. Rf1 Ne6 26. Bxa6 Ra8 27. Qe2 Nd4 28. Bxd4 Bxd4 29. Bc4 Rxa5 30. Kh1 Ra3 31. Bb3 Qc5 32. f3 Ra5 33. Qd3 Qb5 34. Qxb5 Rxb5 35. f4 Rbb6 36. g4 Rbd6 37. g5 Rxf4 38. Rxf4 exf4 39. g6 f3 40. Bxf7+ Kf8 41. Rd3 f2 42. Kg2 c5 43. e5 Ra6 44. Rf3 Ke7 45. h4 Ra1 46. Bc4 Rg1+ 47. Kh3 Bxe5 48. h5 Bd4 49. Kh2 Kd6 50. Rf5 Be5+ 51. Kh3 Rg3+ 52. Kh4 Rc3 53. Bd3 Rxd3 54. cxd3 Bd4 0-1

[Event "DM Kandidatklassen 2024"]
[Site "Svendborg"]
[Date "2024.03.31"]
[Round "6"]
[White "Koch Mueller, Oscar"]
[Black "Nielsen, Henning"]
[Result "1-0"]
[WhiteElo "1996"]
[BlackElo "2025"]
[PlyCount "73"]
[EventDate "2024.03.26"]
[EventType "swiss"]
[EventRounds "7"]
[EventCountry "DEN"]
[SourceTitle "Live v. Kasper Jerwiarz"]

1. d4 Nf6 2. c4 e6 3. Nc3 d5 4. cxd5 exd5 5. Bg5 Be7 6. e3 O-O 7. Bd3 h6 8. Bh4 b6 9. Qc2 Bb7 10. Nf3 Nbd7 11. O-O Re8 12. Rfc1 c5 13. dxc5 bxc5 14. Bg3 Bf8 15. Nb5 Ne4 16. Bxe4 Rxe4 17. Rd1 Nf6 18. Be5 Qe7 19. Bxf6 Qxf6 20. Qc3 Qc6 21. Na3 Rae8 22. Rac1 R8e6 23. Qd3 Rg6 24. Qb5 Qc7 25. Rd4 Bc6 26. Rxc5 Rxd4 27. Nxd4 Bxc5 28. Qxc5 Qd7 29. b4 a6 30. Nb1 Qg4 31. g3 Qd1+ 32. Kg2 Qxb1 33. Nxc6 Qxa2 34. Ne7+ Kh7 35. Qc8 h5 36. Qg8+ Kh6 37. h4 1-0

[Event "DM Kandidatklassen 2024"]
[Site "Svendborg"]
[Date "2024.03.31"]
[Round "6"]
[White "Nielsen, Phillip"]
[Black "Gregor, Bjarke"]
[Result "1-0"]
[WhiteElo "2021"]
[BlackElo "2127"]
[PlyCount "101"]
[EventDate "2024.03.26"]
[EventType "swiss"]
[EventRounds "7"]
[EventCountry "DEN"]
[SourceTitle "Live v. Kasper Jerwiarz"]

1. d4 d5 2. Bf4 e6 3. e3 Bd6 4. Bg3 Nf6 5. Nd2 O-O 6. Ngf3 c5 7. c3 Qc7 8. Ne5 Nc6 9. f4 Ne7 10. Bf2 b6 11. Bd3 Bb7 12. Qf3 a5 13. a4 Ba6 14. Bc2 b5 15. axb5 Bxb5 16. Bh4 Ne8 17. Qh3 g6 18. Bg5 Bxe5 19. fxe5 cxd4 20. exd4 Nf5 21. Nf3 Qc4 22. Bd1 f6 23. exf6 Nxf6 24. Ne5 Qc7 25. Bxf6 Rxf6 26. g4 Ng7 27. Be2 Bxe2 28. Kxe2 Raf8 29. Rhf1 Qb8 30. Nd3 Rxf1 31. Rxf1 Rxf1 32. Kxf1 Qb5 33. Ke2 Ne8 34. g5 Ng7 35. Qg3 Nf5 36. Qc7 Qa6 37. Qd8+ Kg7 38. Qf6+ Kg8 39. Kd2 Qb6 40. Kc1 Ng7 41. Qe7 Qb5 42. Kc2 a4 43. Qc5 Qb8 44. Ne5 Nf5 45. Qc6 Ng7 46. Qxa4 Qf8 47. Kb1 Nh5 48. Ka2 Nf4 49. Nd7 Qe7 50. Nf6+ Kg7 51. Qa8 1-0

[Event "DM Kandidatklassen 2024"]
[Site "Svendborg"]
[Date "2024.03.31"]
[Round "6"]
[White "Iskos, Lukas"]
[Black "Wahlgreen, Noah Krug"]
[Result "1/2-1/2"]
[WhiteElo "2059"]
[BlackElo "2051"]
[PlyCount "34"]
[EventDate "2024.03.26"]
[EventType "swiss"]
[EventRounds "7"]
[EventCountry "DEN"]
[SourceTitle "Live v. Kasper Jerwiarz"]

1. d4 d5 2. Nf3 Nf6 3. c4 e6 4. g3 c6 5. Bg2 Nbd7 6. O-O Bd6 7. Nbd2 O-O 8. b3 e5 9. dxe5 Nxe5 10. Bb2 Re8 11. Qc2 Bg4 12. Rfe1 Qd7 13. Nxe5 Bxe5 14. e4 Bxb2 15. Qxb2 dxe4 16. Nxe4 Nxe4 17. Bxe4 Rad8 1/2-1/2

[Event "DM Kandidatklassen 2024"]
[Site "Svendborg"]
[Date "2024.03.31"]
[Round "6"]
[White "Hansen, Per"]
[Black "Wehding, Anton Bonsvig"]
[Result "1-0"]
[WhiteElo "2095"]
[BlackElo "2056"]
[PlyCount "59"]
[EventDate "2024.03.26"]
[EventType "swiss"]
[EventRounds "7"]
[EventCountry "DEN"]
[SourceTitle "Live v. Kasper Jerwiarz"]

1. d4 d5 2. Nc3 Nf6 3. Bf4 c6 4. e3 Bf5 5. f3 e6 6. g4 Bg6 7. h4 h5 8. g5 Nfd7 9. Qd2 Be7 10. Nh3 b5 11. Bg3 b4 12. Ne2 Nb6 13. b3 N8d7 14. Nef4 Bd6 15. Qh2 Qc7 16. O-O-O a5 17. Nxe6 fxe6 18. Bxd6 Qa7 19. Nf4 Bf5 20. Bh3 Bxh3 21. Qxh3 a4 22. Rh2 axb3 23. cxb3 Nc4 24. bxc4 b3 25. Rdd2 Qa5 26. Qxe6+ Kd8 27. Be7+ Kc7 28. Nxd5+ cxd5 29. Qd6+ Kc8 30. Qc6+ 1-0

[Event "DM Kandidatklassen 2024"]
[Site "Svendborg"]
[Date "2024.03.31"]
[Round "6"]
[White "Riis, Soren Moller"]
[Black "Snedker, Oliver Kaehne"]
[Result "1/2-1/2"]
[WhiteElo "2216"]
[BlackElo "2015"]
[PlyCount "30"]
[EventDate "2024.03.26"]
[EventType "swiss"]
[EventRounds "7"]
[EventCountry "DEN"]
[SourceTitle "Live v. Kasper Jerwiarz"]

1. d4 d5 2. c4 c6 3. Nf3 Nf6 4. Nc3 e6 5. cxd5 exd5 6. Bf4 Bd6 7. Bxd6 Qxd6 8. e3 Bg4 9. Qb3 b6 10. Ne5 Nbd7 11. Nxg4 Nxg4 12. h3 Ngf6 13. Be2 O-O 14. Bf3 Rfe8 15. O-O Nf8 1/2-1/2

[Event "DM Kandidatklassen 2024"]
[Site "Svendborg"]
[Date "2024.04.01"]
[Round "7"]
[White "Thuesen, Mogens Henrik"]
[Black "Medhus, Vitus Bondo"]
[Result "1-0"]
[WhiteElo "2158"]
[BlackElo "2096"]
[PlyCount "67"]
[EventDate "2024.03.26"]
[EventType "swiss"]
[EventRounds "7"]
[EventCountry "DEN"]
[SourceTitle "Live v. Kasper Jerwiarz"]

1. d4 d5 2. c4 e6 3. Nc3 Nf6 4. Bg5 Be7 5. cxd5 exd5 6. e3 O-O 7. Bd3 Re8 8. Nf3 c6 9. O-O h6 10. Bh4 Ne4 11. Bxe7 Qxe7 12. Qc2 Bf5 13. Bxe4 dxe4 14. Ne5 Qe6 15. Ne2 g5 16. Ng3 Bh7 17. Nh5 Bg6 18. Qe2 c5 19. f4 exf3 20. Qxf3 Bxh5 21. Qxh5 Re7 22. Ng4 Qg6 23. Qh3 Nd7 24. Nxh6+ Kf8 25. Nxf7 Kg7 26. Ne5 Nxe5 27. dxe5 g4 28. Qg3 Rae8 29. Rf4 Qc2 30. Rxg4+ Kf7 31. Qf3+ Ke6 32. Rd1 Rf7 33. Qd5+ Kf5 34. Rf4+ 1-0

[Event "DM Kandidatklassen 2024"]
[Site "Svendborg"]
[Date "2024.04.01"]
[Round "7"]
[White "Rewitz, Poul"]
[Black "Falkesgaard, Jeppe Hald"]
[Result "0-1"]
[WhiteElo "2241"]
[BlackElo "2200"]
[PlyCount "134"]
[EventDate "2024.03.26"]
[EventType "swiss"]
[EventRounds "7"]
[EventCountry "DEN"]
[SourceTitle "Live v. Kasper Jerwiarz"]

1. b3 d5 2. Bb2 c5 3. e3 Nc6 4. Bb5 Nf6 5. Bxc6+ bxc6 6. Nf3 Bg4 7. d3 e6 8. Nbd2 Be7 9. Qe2 O-O 10. h3 Bxf3 11. gxf3 Nd7 12. f4 Bf6 13. Bxf6 Qxf6 14. O-O Rae8 15. Kh2 Qc3 16. Nf3 e5 17. f5 e4 18. dxe4 Rxe4 19. Rad1 Qf6 20. c4 Qxf5 21. Rg1 Ne5 22. Nd2 Rh4 23. Rg3 Re8 24. cxd5 cxd5 25. f4 Ng6 26. Qb5 Rc8 27. Nf3 Rh5 28. Rc1 d4 29. Nxd4 Qd5 30. Qc4 Rd8 31. f5 cxd4 32. Qxd5 Rxd5 33. fxg6 hxg6 34. exd4 Rxd4 35. Rc8+ Kh7 36. Rc7 Ra5 37. a4 Rf4 38. Rd3 a6 39. Kg3 Rf6 40. h4 g5 41. Rd4 g6 42. b4 Raf5 43. hxg5 Rxg5+ 44. Rg4 Rxg4+ 45. Kxg4 Kh6 46. Rc3 Rd6 47. Rh3+ Kg7 48. Rb3 f5+ 49. Kf3 Kf6 50. b5 axb5 51. axb5 Rb6 52. Rb1 g5 53. Ke3 Ke5 54. Kd3 f4 55. Re1+ Kf5 56. Kc4 f3 57. Kc5 Rb8 58. b6 g4 59. Kc6 f2 60. Rf1 g3 61. Kc7 Rg8 62. b7 Kg4 63. Rd1 g2 64. Rd4+ Kh3 65. Rd3+ Kh2 66. Rd8 g1=Q 67. b8=Q Qg3+ 0-1

[Event "DM Kandidatklassen 2024"]
[Site "Svendborg"]
[Date "2024.04.01"]
[Round "7"]
[White "Meskenas, Paulius"]
[Black "Perets, Dmytro"]
[Result "0-1"]
[WhiteElo "2187"]
[BlackElo "2137"]
[PlyCount "96"]
[EventDate "2024.03.26"]
[EventType "swiss"]
[EventRounds "7"]
[EventCountry "DEN"]
[SourceTitle "Live v. Kasper Jerwiarz"]

1. e4 c5 2. Nf3 Nc6 3. c3 Nf6 4. e5 Nd5 5. Bc4 Nb6 6. Bb3 g6 7. O-O Bg7 8. Re1 O-O 9. d4 cxd4 10. cxd4 d6 11. e6 fxe6 12. Bxe6+ Bxe6 13. Rxe6 Qc8 14. Re1 Rxf3 15. gxf3 Nxd4 16. Na3 Qh3 17. Re3 Nf5 18. f4 Nxe3 19. Bxe3 Qe6 20. Nb5 Qc4 21. Nd4 Rc8 22. Rc1 Qxa2 23. Rxc8+ Nxc8 24. Qf3 d5 25. Kg2 Bxd4 26. Bxd4 Nd6 27. Qe3 Kf7 28. Qh3 h5 29. Qd7 Qb1 30. Be5 Qe4+ 31. f3 Qe2+ 32. Kg1 Qd1+ 33. Kf2 Nf5 34. Bc3 Qc2+ 35. Ke1 Qc1+ 36. Ke2 Qe3+ 37. Kd1 Qd3+ 38. Ke1 Qe3+ 39. Kd1 Qxf3+ 40. Ke1 Qh1+ 41. Kd2 Qxh2+ 42. Kd3 Qh3+ 43. Kd2 Qg2+ 44. Ke1 h4 45. Qc8 h3 46. Qh8 h2 47. Qh7+ Ke6 48. Qg8+ Kd7 0-1

[Event "DM Kandidatklassen 2024"]
[Site "Svendborg"]
[Date "2024.04.01"]
[Round "7"]
[White "Hansen, Soren Bech"]
[Black "Loftgaard, Mikkel Vinh"]
[Result "1/2-1/2"]
[WhiteElo "2213"]
[BlackElo "2224"]
[PlyCount "119"]
[EventDate "2024.03.26"]
[EventType "swiss"]
[EventRounds "7"]
[EventCountry "DEN"]
[SourceTitle "Live v. Kasper Jerwiarz"]

1. e4 c5 2. Nf3 e6 3. d4 cxd4 4. Nxd4 Nf6 5. Nc3 Nc6 6. a3 d5 7. exd5 exd5 8. Be2 Be7 9. O-O O-O 10. Bf4 Be6 11. Bf3 Rc8 12. Nce2 Qd7 13. Re1 Bc5 14. c3 Bg4 15. Bxg4 Qxg4 16. h3 Qd7 17. Nb3 Bb6 18. Qd3 Rfd8 19. Rad1 Ne4 20. Ned4 h6 21. Re2 Qe7 22. Qf3 Qf6 23. Be3 Qg6 24. Qg4 Qf6 25. Nf3 Bxe3 26. Rxe3 Ne5 27. Qh5 Nc4 28. Re2 Qb6 29. Nfd4 a5 30. a4 Nf6 31. Qf3 Ne4 32. Nb5 Qg6 33. N3d4 Nb6 34. Nf5 Qf6 35. Rd4 Kh7 36. Qf4 Nc5 37. Nfd6 Qxf4 38. Rxf4 Rc6 39. Nxf7 Rf8 40. Nd4 Rcc8 41. Re7 Rfe8 42. Rxe8 Rxe8 43. b3 Re1+ 44. Kh2 Rb1 45. h4 Nxb3 46. Ne6 Nd7 47. Nd6 Nbc5 48. Nc7 Nf6 49. Rf5 Rb6 50. Nxd5 Nxd5 51. Rxd5 Nxa4 52. Nc4 Rf6 53. Nxa5 b6 54. Nc4 Nxc3 55. Rd3 Ne4 56. f3 Nc5 57. Rd5 Rf4 58. Nxb6 Rxh4+ 59. Kg3 Rb4 60. Rxc5 1/2-1/2

[Event "DM Kandidatklassen 2024"]
[Site "Svendborg"]
[Date "2024.04.01"]
[Round "7"]
[White "Thorsen, Adrian Stenstrop"]
[Black "Nielsen Refs, Karl Emil Elmer"]
[Result "1-0"]
[WhiteElo "2163"]
[BlackElo "2067"]
[PlyCount "61"]
[EventDate "2024.03.26"]
[EventType "swiss"]
[EventRounds "7"]
[EventCountry "DEN"]
[SourceTitle "Live v. Kasper Jerwiarz"]

1. e4 e6 2. d4 d5 3. Nc3 Nf6 4. Bg5 Be7 5. e5 Nfd7 6. h4 a6 7. Qg4 Kf8 8. Nf3 c5 9. dxc5 Nc6 10. Qf4 Qc7 11. Bxe7+ Kxe7 12. O-O-O Ncxe5 13. Kb1 Kf8 14. h5 h6 15. Bc4 f6 16. Bxd5 exd5 17. Nxd5 Qxc5 18. Nxe5 Nxe5 19. Nxf6 Nf7 20. Nd7+ Bxd7 21. Rxd7 Qe7 22. Rxe7 Kxe7 23. Re1+ Kf8 24. Qc7 Rd8 25. Kc1 Kg8 26. Re7 Rf8 27. f4 Rh7 28. Qc4 b5 29. Qe6 Rh8 30. g4 Rh7 31. Kd2 1-0

[Event "DM Kandidatklassen 2024"]
[Site "Svendborg"]
[Date "2024.04.01"]
[Round "7"]
[White "Veiergang, Oscar Jacob"]
[Black "Zander, Emil"]
[Result "1/2-1/2"]
[WhiteElo "2041"]
[BlackElo "2137"]
[PlyCount "78"]
[EventDate "2024.03.26"]
[EventType "swiss"]
[EventRounds "7"]
[EventCountry "DEN"]
[SourceTitle "Live v. Kasper Jerwiarz"]

1. e4 c5 2. Nf3 d6 3. d4 cxd4 4. Nxd4 Nf6 5. Nc3 a6 6. Bg5 e6 7. f4 Be7 8. Qf3 Qc7 9. O-O-O Nbd7 10. g4 h6 11. Bxf6 Bxf6 12. h4 Nb6 13. g5 Bxd4 14. Rxd4 Qc5 15. Rd1 Bd7 16. Bd3 O-O-O 17. Kb1 Kb8 18. f5 Bc6 19. Rhg1 Qe5 20. Qg3 Nd7 21. gxh6 gxh6 22. Qg7 Qxg7 23. Rxg7 Ne5 24. Rdg1 Bd7 25. Kc1 Rdf8 26. fxe6 fxe6 27. Re7 Rhg8 28. Rxg8 Rxg8 29. Rh7 Rg6 30. Ne2 Ka7 31. Kd2 Rf6 32. Ng3 Be8 33. Be2 Kb6 34. Ke3 Kc6 35. a4 Kb6 36. b3 Bf7 37. b4 a5 38. c3 Be8 39. bxa5+ Kxa5 1/2-1/2

[Event "DM Kandidatklassen 2024"]
[Site "Svendborg"]
[Date "2024.04.01"]
[Round "7"]
[White "Jarlskov, Daniel Tuk Hartso"]
[Black "Koch Mueller, Oscar"]
[Result "1-0"]
[WhiteElo "2130"]
[BlackElo "1996"]
[PlyCount "109"]
[EventDate "2024.03.26"]
[EventType "swiss"]
[EventRounds "7"]
[EventCountry "DEN"]
[SourceTitle "Live v. Kasper Jerwiarz"]

1. d4 Nf6 2. c4 e6 3. Nf3 d5 4. g3 Be7 5. Bg2 O-O 6. O-O c6 7. Nc3 a5 8. Ne5 Nfd7 9. Nxd7 Nxd7 10. Qd3 b5 11. cxb5 cxb5 12. Nxb5 Ba6 13. a4 Qb6 14. e4 Nf6 15. Bg5 h6 16. Bxf6 Bxf6 17. exd5 exd5 18. Bxd5 Rad8 19. Qb3 Rd7 20. Rfc1 Bxb5 21. axb5 Bxd4 22. Rc2 Rd6 23. Re1 Rf6 24. Ree2 h5 25. Kg2 Rb8 26. Rc6 Rxc6 27. Bxc6 Qc7 28. Qd5 Rd8 29. Qxh5 Qd6 30. Qf3 Qc5 31. h4 g6 32. Qf4 Kg7 33. Qc7 Rd6 34. Qe7 Bf6 35. Qe4 Rd4 36. Qe3 Qd6 37. Rc2 Rb4 38. Qa3 Qc7 39. Rd2 Rd4 40. Re2 Qb6 41. Qf3 Qc5 42. Qb3 Qb4 43. Qa2 Qc4 44. b3 Qb4 45. Qc2 Qd6 46. b6 Rb4 47. b7 Rb6 48. Bf3 Qd7 49. Qc8 Qb5 50. Re8 Be5 51. Rg8+ Kh7 52. h5 gxh5 53. Rg5 Qd3 54. Qg8+ Kh6 55. Rxh5# 1-0

[Event "DM Kandidatklassen 2024"]
[Site "Svendborg"]
[Date "2024.04.01"]
[Round "7"]
[White "Sandmann, Villads Majvang"]
[Black "Hansen, Per"]
[Result "0-1"]
[WhiteElo "1983"]
[BlackElo "2095"]
[PlyCount "138"]
[EventDate "2024.03.26"]
[EventType "swiss"]
[EventRounds "7"]
[EventCountry "DEN"]
[SourceTitle "Live v. Kasper Jerwiarz"]

1. e4 d6 2. d4 Nf6 3. Nc3 Nbd7 4. f4 e5 5. Nf3 exd4 6. Qxd4 c6 7. Bd2 Qb6 8. O-O-O Qxd4 9. Nxd4 Nc5 10. Re1 Be7 11. g3 O-O 12. Bg2 Re8 13. Rhf1 Bd8 14. b4 Ne6 15. Nf5 Bc7 16. Be3 g6 17. Nd4 Ng4 18. Nxe6 Bxe6 19. Bg1 Bc4 20. Rf3 Bb6 21. h3 Nf6 22. Bxb6 axb6 23. Kb2 d5 24. Bf1 Bxf1 25. Rfxf1 d4 26. Ne2 Rxe4 27. f5 g5 28. Nc1 Rae8 29. Nd3 Nd5 30. Rxe4 Rxe4 31. Re1 Rxe1 32. Nxe1 Nxb4 33. Nf3 c5 34. Nxg5 Nc6 35. Ne4 Na5 36. Ka3 Nc4+ 37. Kb3 Ne3 38. Nd6 Kg7 39. g4 Kf6 40. Nxb7 Ke5 41. Nd8 f6 42. Ne6 c4+ 43. Kb2 Nd1+ 44. Kc1 Nf2 45. Nf8 Kf4 46. Nxh7 Nxh3 47. Nxf6 b5 48. Kd2 Ke5 49. Nd7+ Kd6 50. Nf8 Ng5 51. Ng6 b4 52. Nh4 Ke5 53. Ke2 Kf4 54. Ng6+ Ke4 55. Ne7 b3 56. axb3 d3+ 57. cxd3+ cxd3+ 58. Kd1 Kd4 59. Nc6+ Kc3 60. b4 Ne4 61. Ne5 Nf2+ 62. Ke1 d2+ 63. Kxf2 d1=Q 64. Nf3 Qd6 65. Ke3 Qxb4 66. g5 Qg4 67. f6 Qf5 68. Kf2 Kd3 69. f7 Ke4 0-1

[Event "DM Kandidatklassen 2024"]
[Site "Svendborg"]
[Date "2024.04.01"]
[Round "7"]
[White "Snedker, Oliver Kaehne"]
[Black "Nielsen, Phillip"]
[Result "1-0"]
[WhiteElo "2015"]
[BlackElo "2021"]
[PlyCount "61"]
[EventDate "2024.03.26"]
[EventType "swiss"]
[EventRounds "7"]
[EventCountry "DEN"]
[SourceTitle "Live v. Kasper Jerwiarz"]

1. e4 d5 2. exd5 Nf6 3. d4 Nxd5 4. c4 Nb6 5. Nc3 g6 6. Nf3 Bg7 7. Be3 O-O 8. h3 c6 9. Rc1 N8d7 10. Be2 Qc7 11. O-O Nf6 12. Qd2 Be6 13. b3 Rfd8 14. Rfd1 a5 15. Bf4 Qc8 16. Qe3 c5 17. d5 Bd7 18. Ne5 a4 19. b4 cxb4 20. Qxb6 bxc3 21. Bf3 Bf5 22. Rxc3 Nd7 23. Qe3 Nc5 24. Rcc1 h5 25. g4 hxg4 26. hxg4 Bd7 27. Bh6 b6 28. Qf4 Rf8 29. Kg2 Qb8 30. Bxg7 Kxg7 31. Rh1 1-0

[Event "DM Kandidatklassen 2024"]
[Site "Svendborg"]
[Date "2024.04.01"]
[Round "7"]
[White "Gregor, Bjarke"]
[Black "Iskos, Lukas"]
[Result "1-0"]
[WhiteElo "2127"]
[BlackElo "2059"]
[PlyCount "95"]
[EventDate "2024.03.26"]
[EventType "swiss"]
[EventRounds "7"]
[EventCountry "DEN"]
[SourceTitle "Live v. Kasper Jerwiarz"]

1. e4 c5 2. Nc3 Nc6 3. Nge2 Nf6 4. d4 cxd4 5. Nxd4 e5 6. Ndb5 d6 7. Nd5 Nxd5 8. exd5 Nb8 9. a4 Be7 10. Be2 O-O 11. O-O a6 12. Na3 Nd7 13. Nc4 Nb6 14. Nxb6 Qxb6 15. a5 Qd8 16. Be3 Bd7 17. c4 f5 18. Bb6 Qe8 19. b4 Qg6 20. Qc2 Qg5 21. Ra3 f4 22. f3 Rf6 23. Kh1 Rh6 24. Bg1 Qh5 25. c5 Bh4 26. c6 bxc6 27. dxc6 Be6 28. c7 Bg3 29. Bc4 Qf7 30. Bxe6 Qxe6 31. Qc6 Rc8 32. Qb7 Kf7 33. Rd1 Rxh2+ 34. Bxh2 Qh6 35. Kg1 Qxh2+ 36. Kf1 Qh1+ 37. Ke2 Qxg2+ 38. Kd3 e4+ 39. Qxe4 Rxc7 40. Qd5+ Ke7 41. Rc3 Rxc3+ 42. Kxc3 h5 43. Qxd6+ Kf7 44. Qd7+ Kg6 45. Rd6+ Kg5 46. Qe7+ Kf5 47. Rd5+ Kg6 48. Rg5+ 1-0

[Event "DM Kandidatklassen 2024"]
[Site "Svendborg"]
[Date "2024.04.01"]
[Round "7"]
[White "Wahlgreen, Noah Krug"]
[Black "Nielsen, Henning"]
[Result "1-0"]
[WhiteElo "2051"]
[BlackElo "2025"]
[PlyCount "117"]
[EventDate "2024.03.26"]
[EventType "swiss"]
[EventRounds "7"]
[EventCountry "DEN"]
[SourceTitle "Live v. Kasper Jerwiarz"]

1. d4 Nf6 2. Bf4 d6 3. Nf3 g6 4. e3 Bg7 5. h3 O-O 6. Be2 c5 7. O-O Nbd7 8. Nbd2 h6 9. Bh2 b6 10. a4 Bb7 11. a5 Qc8 12. Re1 Rd8 13. c3 Ne4 14. Qb3 Ndf6 15. axb6 Nxd2 16. Nxd2 axb6 17. Qxb6 Rb8 18. Qa5 Ra8 19. Qb5 Bc6 20. Qb3 Rb8 21. Qc2 Qb7 22. dxc5 Bxg2 23. cxd6 Bxh3 24. Bf3 Qxb2 25. Qxb2 Rxb2 26. Nc4 Rc2 27. dxe7 Re8 28. Be5 Rxe7 29. Bd1 Rxe5 30. Nxe5 Rxc3 31. Ra8+ Bf8 32. Bf3 Rc8 33. Ra7 Be6 34. Rb1 Bd6 35. Nc6 Nd5 36. Nd4 Bc5 37. Nxe6 Bxa7 38. Bxd5 Bb8 39. Nd4 Bd6 40. Rb6 Rd8 41. Rb5 Rd7 42. e4 Kg7 43. Kf1 h5 44. Ke2 h4 45. Rb7 Rxb7 46. Bxb7 h3 47. Kf3 Bc5 48. Ne2 f5 49. e5 g5 50. Kg3 f4+ 51. Kxh3 Bxf2 52. Kg4 Be3 53. Kf5 Kf7 54. Bf3 Ke7 55. Nc3 Bc1 56. Nd5+ Kd7 57. e6+ Kd6 58. e7 Kd7 59. Bh5 1-0

[Event "DM Kandidatklassen 2024"]
[Site "Svendborg"]
[Date "2024.04.01"]
[Round "7"]
[White "Wehding, Anton Bonsvig"]
[Black "Riis, Soren Moller"]
[Result "1/2-1/2"]
[WhiteElo "2056"]
[BlackElo "2216"]
[PlyCount "145"]
[EventDate "2024.03.26"]
[EventType "swiss"]
[EventRounds "7"]
[EventCountry "DEN"]
[SourceTitle "Live v. Kasper Jerwiarz"]

1. e4 c5 2. Nf3 d6 3. d4 cxd4 4. Nxd4 Nf6 5. Nc3 a6 6. h3 e5 7. Nf3 Qc7 8. a4 b6 9. Be3 Nbd7 10. Nd2 Bb7 11. Bc4 Be7 12. O-O O-O 13. Qe2 Nc5 14. Rfc1 h6 15. f3 Rfd8 16. b4 Ncd7 17. Rab1 Rdb8 18. Qf2 Bd8 19. Kh2 Be7 20. g4 Rc8 21. Rg1 Qd8 22. Qg2 Rxc4 23. Nxc4 Rc8 24. Nxd6 Bxd6 25. Rb3 Rc4 26. Na2 Qf8 27. g5 hxg5 28. Bxg5 Be7 29. c3 g6 30. Rb2 Nh5 31. Rd2 Rc7 32. Rgd1 Bc6 33. a5 b5 34. Nc1 Bxg5 35. Qxg5 Nf4 36. Rd6 Ne6 37. Rxe6 fxe6 38. Qxg6+ Qg7 39. Qxe6+ Kh8 40. Rg1 Nf8 41. Qd6 Qe7 42. Qh6+ Nh7 43. Rg6 Bb7 44. Re6 Qd7 45. Ne2 Rc6 46. Rxc6 Qxc6 47. Qh5 Qe6 48. Qh4 Bc8 49. f4 exf4 50. Nxf4 Qf6 51. Qg3 Qg5 52. Ng6+ Kg7 53. Qc7+ Kxg6 54. Qxc8 Qf4+ 55. Kg1 Qg3+ 56. Kf1 Qf3+ 57. Kg1 Qd1+ 58. Kf2 Qd6 59. Ke3 Ng5 60. Qf5+ Kh6 61. e5 Qd5 62. Qf4 Qb3 63. Qf8+ Kh5 64. Qh8+ Kg6 65. Qc8 Ne6 66. Ke4 Ng5+ 67. Ke3 Ne6 68. Qc6 Kf5 69. Qe4+ Kg5 70. Qd3 Kh4 71. Ke4 Ng5+ 72. Kd4 Ne6+ 73. Ke4 1/2-1/2